Online
Catalog

Evolución, estructura y organización del subsector ganadero en la República Dominicana / (Record no. 15845)

MARC details
000 -CABECERA
campo de control de longitud fija 01386nam a2200265 a 4500
001 - NÚMERO DE CONTROL
campo de control 000016310
005 - FECHA Y HORA DE LA ÚLTIMA TRANSACCIÓN
campo de control 20240226135234.0
008 - DATOS DE LONGITUD FIJA--INFORMACIÓN GENERAL
campo de control de longitud fija 100303s1979 dr ad r 001 0 spa d
040 ## - FUENTE DE LA CATALOGACIÓN
Centro catalogador/agencia de origen DO-SdBNP
Lengua de catalogación spa
Centro/agencia transcriptor BNPHU
082 ## - NÚMERO DE LA CLASIFICACIÓN DECIMAL DEWEY
Número de clasificación 636.3
Número de documento/Ítem L834e
100 1# - ENTRADA PRINCIPAL--NOMBRE DE PERSONA
Nombre de persona Lois Malkún, José E.
9 (RLIN) 36405
245 10 - MENCIÓN DE TÍTULO
Título Evolución, estructura y organización del subsector ganadero en la República Dominicana /
Mención de responsabilidad, etc. José E. Lois Malkún ; introducción Domingo Marte.
260 ## - PUBLICACIÓN, DISTRIBUCIÓN, ETC.
Lugar de publicación, distribución, etc. Santo Domingo :
Nombre del editor, distribuidor, etc. Alfa y Omega,
Fecha de publicación, distribución, etc. 1979.
300 ## - DESCRIPCIÓN FÍSICA
Extensión 174 p. :
Otras características físicas il., tablas ;
Dimensiones 24 cm.
500 ## - NOTA GENERAL
Nota general Incluye datos biográficos del autor en las solapas.
504 ## - NOTA DE BIBLIOGRAFÍA, ETC.
Nota de bibliografía, etc. Incluye bibliografía y notas al pie de páginas.
504 ## - NOTA DE BIBLIOGRAFÍA, ETC.
Nota de bibliografía, etc. Bibliografía : p. 171-174.
505 0# - NOTA DE CONTENIDO CON FORMATO
Información miscelánea Introducción --
Título La situación de la ganadería --
-- Producción y mercadeo --
-- Demanda y oferta de productos pecuarios --
-- Evaluación de los programas y operaciones ganaderas en el país --
-- Análisis de los elementos que afectan el desarrollo de la ganadería del país --
Información miscelánea Bibliografía.
590 ## - NOTA LOCAL (RLIN)
Nota local Inventariado, 2018/BT
650 #4 - PUNTO DE ACCESO ADICIONAL DE MATERIA--TÉRMINO DE MATERIA
Término de materia o nombre geográfico como elemento de entrada Producción agropecuaria
Subdivisión geográfica República Dominicana
9 (RLIN) 19604
650 #4 - PUNTO DE ACCESO ADICIONAL DE MATERIA--TÉRMINO DE MATERIA
Término de materia o nombre geográfico como elemento de entrada Ganadería
Subdivisión general Aspectos económicos
Subdivisión geográfica República Dominicana
9 (RLIN) 22072
650 #4 - PUNTO DE ACCESO ADICIONAL DE MATERIA--TÉRMINO DE MATERIA
Término de materia o nombre geográfico como elemento de entrada Industrias agropecuarias
Subdivisión geográfica República Dominicana
9 (RLIN) 19602
700 1# - PUNTO DE ACCESO ADICIONAL--NOMBRE DE PERSONA
Nombre de persona Marte, Domingo,
Fechas asociadas al nombre 1939-
Término indicativo de función/relación introd.
9 (RLIN) 10487
910 ## - DATOS DE OPCIÓN DEL USUARIO (OCLC)
Datos de opción del usuario Validado. Control de calidad. EMS
Holdings
Estado de retiro Estado de pérdida No para préstamo Código de colección Localización permanente Ubicación/localización actual Ubicación en estantería Fecha de adquisición Número de inventario Total de préstamos Signatura topográfica completa Código de barras Fecha visto por última vez Precio válido a partir de Tipo de ítem Koha
    Excluido de préstamo Patrimonio Dominicano Patrimonio Dominicano Patrimonio Dominicano Depósito 03.03.2010 LF1   636.3 L834e 16310-10 25.06.2020 25.06.2020 Libro y Folleto Colección Patrimonio Dominicano

Powered by Koha